LEADER 01061nam0 22003133i 450 001 MIL0166812 005 20231121125538.0 010 $a0306439921 100 $a20141021d1992 ||||0itac50 ba 101 | $aeng 102 $aus 181 1$6z01$ai $bxxxe 182 1$6z01$an 200 1 $aBiomaterials$ean introduction$fJoon B. Park and Roderic S. Lakes 205 $a2. ed 210 $aNew York$aLondon$cPlenum$dc1992 215 $aXIII, 394 p.$cill.$d26 cm. 606 $aBiomateriali$2FIR$3RMLC382521$9I 676 $a610.28$9$v21 700 1$aPark$b, Joon Bu$3MILV293205$4070$09214 701 1$aLakes$b, Roderic S.$3MILV110085$4070$09215 801 3$aIT$bIT-01$c20141021 850 $aIT-FR0099 899 $aBiblioteca Area Ingegneristica$bFR0099 912 $aMIL0166812 950 0$aBiblioteca Area Ingegneristica$d 54DII 610.28$e 54VM 0000446685 VM barcode:BAIN002318. - Inventario:4006DVM$fA $h20040525$i20121204 977 $a 54 996 $aBiomaterials$93370246 997 $aUNICAS LEADER 02305nam 22005534a 450 001 9910955255203321 005 20251116221919.0 010 $a1-61503-075-1 035 $a(CKB)2560000000050908 035 $a(CtWfDGI)bke00042624 035 $a(SSID)ssj0000482667 035 $a(PQKBManifestationID)11302956 035 $a(PQKBTitleCode)TC0000482667 035 $a(PQKBWorkID)10526602 035 $a(PQKB)11641306 035 $a(MiAaPQ)EBC3002394 035 $a(Au-PeEL)EBL3002394 035 $a(CaPaEBR)ebr10320387 035 $a(OCoLC)300532760 035 $a(BIP)9505293 035 $a(EXLCZ)992560000000050908 100 $a20040106d2004 uy 0 101 0 $aeng 135 $aurzn|||||| 181 $ctxt 182 $cc 183 $acr 200 10$aAluminum-silicon casting alloys $ean atlas of microfractographs /$fMagorzata Warmuzek 205 $a1st ed. 210 $aMaterials Park, OH $cASM International$d2004 215 $av, 124 p. $cill 300 $aTitle from title screen. 311 08$a0-87170-794-2 320 $aIncludes bibliographical references and index. 327 $aIntro -- Contents -- About the Author -- Preface -- Introduction to Aluminum-Silicon Casting Alloys -- Fractography -- Microstructural Aspects of the Failure of Aluminum-Silicon Casting Alloys -- Alloy 336.0 (AlSi13Mg1CuNi) -- Alloy 355.0 (AlSi5Cu) -- Alloy 356.0 (AlSi7Mg) -- Alloy 359.0 (AlSi9Mg) -- Alloy 390.0 (AlSi21CuNi) -- Alloy 413.0 (AlSi11) -- Material Defects on Fracture Surfaces -- Index. 330 $aWarmuzek (Foundry Research Institute, Poland) compiles b&w fracture images seen under a microscope during laboratory testing of mechanical properties, plus relevant descriptions of images, in this atlas documenting aluminum-silicon alloys. A set of images covers hypoeutectic, eutectic, and hypereute 606 $aAluminum alloys$xFracture$vAtlases 606 $aAluminum alloys$xMetallography$vAtlases 615 0$aAluminum alloys$xFracture 615 0$aAluminum alloys$xMetallography 676 $a669/.722 700 $aWarmuzek$b Magorzata$01602605 801 0$bMiAaPQ 801 1$bMiAaPQ 801 2$bMiAaPQ 906 $aBOOK 912 $a9910955255203321 996 $aAluminum-silicon casting alloys$93926611 997 $aUNINA